000 004250000a22001810004500
003 MACL
005 20150912162132.0
008 150912b xxu||||| |||| 00| 0 eng d
040 _aMACL
_cMACL
041 _aEnglish
082 _a823/BON
100 _aBond, Rukin
_910525
245 _aRendezvous With Horror
260 _bRupa & Company
_c2007
_aNoida
350 _a95
650 _aFicition
_910526
942 _cBK
_k823
_2ddc
999 _c8541
_d8541